Vývoj systémov pre zlepšovanie procesov v organizáciách

Zavádzanie systémov pre zlepšovanie procesov v organizáciách. Systém zlepšovania procesov je postupné neustále zlepšovanie procesov malými krokmi s využitím čo najväčšieho potenciálu kreativity pracovníkov spoločnosti. Výhody zlepšovania procesov: Prínosy pre podnik, prínosy pre pracovníkov, prínosy...

Descrizione completa

Salvato in:
Dettagli Bibliografici
Autore principale: Boledovič, Ľudovít
Natura: Capitolo di libro
Lingua:slovacco
Soggetti:
Tags: Aggiungi Tag
Nessun Tag, puoi essere il primo ad aggiungerne!!

MARC

LEADER 00000naa a2200000 4500
001 r040559
005 20231002120900.5
041 0 |a slo 
044 |a SK 
245 1 0 |a Vývoj systémov pre zlepšovanie procesov v organizáciách  |c Ľudovít Boledovič 
520 |a Zavádzanie systémov pre zlepšovanie procesov v organizáciách. Systém zlepšovania procesov je postupné neustále zlepšovanie procesov malými krokmi s využitím čo najväčšieho potenciálu kreativity pracovníkov spoločnosti. Výhody zlepšovania procesov: Prínosy pre podnik, prínosy pre pracovníkov, prínosy pre externého pracovníka. Najznámejšie formy zlepšovania procesov. Prijímanie zlepšovacích návrhov. Schvaľovanie a hodnotenie návrhov. Odmeňovanie za návrhy. Vizualizácia výsledkov zlepšovania. Príklad nemeckej automobilky Audi. 
610 2 0 |a zlepšovateľstvo 
610 2 0 |a proces výrobný 
610 2 0 |a systémy výrobné 
610 2 0 |a kaizen 
610 2 0 |a riadenie výroby 
610 2 0 |a návrhy zlepšovacie 
610 2 0 |a odmeňovanie 
610 2 0 |a firmy 
610 2 0 |a Audi 
100 1 |a Boledovič, Ľudovít